Statistics for Top 12 Boston Celtics Players

Click here to take the quiz!

General Stats

  • This quiz has been taken 60 times
  • The average score is 8 of 12

Answer Stats

Rank Player Win Share % Correct
1Bill Russell163.5
100%
2Larry Bird145.8
98%
3Paul Pierce138.4
95%
4John Havlicek131.7
93%
6Kevin McHale113.0
91%
5Robert Parish122.4
89%
8Bob Cousy91.0
82%
7Sam Jones92.3
68%
9Dave Cowens83.7
59%
10Bill Sharman80.9
25%
11Ed Macauley75.5
11%
12Don Nelson69.7
7%

Score Distribution

Percentile by Number Answered

Percent of People with Each Score

Your Score History

You have not taken this quiz